Culture Générale - Clic Quiz - La réponse est en emoji par IA #9 - Statistiques

Statistiques générales
  • Ce quiz a été pris 424 fois
  • Le résultat moyen est 22 sur 40
Statistiques - réponses
Hint Réponse % Correct
François Hollande
94%
Smeagol "Gollum"
91%
Nicolas Sarkozy
91%
Paul Pogba
91%
Kev Adams
89%
Dwayne Johnson
88%
Daniel Radcliffe
88%
Lord Voldemort
87%
Louis Armstrong
83%
David Beckham
82%
Gustave Eiffel
81%
Jason Statham
77%
Gérald Darmanin
77%
Raphaël Varane
76%
Jean Castex
66%
Leprechaun
65%
Pedro Pascal
64%
Slender Man
61%
Jared Leto
59%
Blaise Pascal
46%
Montesquieu
46%
Paul Rudd
45%
Moby
43%
Viggo Mortensen
43%
Rocco Siffredi
43%
Miguel de Cervantes
43%
George Weah
42%
Mister Babadook
41%
Paul Biya
35%
Brian O'Driscoll
33%
Le Corbusier
25%
Joseph Ratzinger
25%
Lemmy Kilmister
21%
James Hetfield
19%
Robert Plant
19%
Nigel Farage
18%
Willie Nelson
18%
Matteo Salvini
17%
John Steinbeck
16%
Dave Mustaine
13%
Aucun quiz correspondant
Distribution des résultats
% des personnes avec chaque résultat
Percentile par nombre de réponses
Votre historique - résultats
Vous n’avez pas pris ce quiz